000
00324nam a22001337a 4500
008
170627b xxu||||| |||| 00| 0 eng d
020
_a
9951413153
041
_a
GER
080
_a
82
100
_a
21
101
_a
GJL
245
_a
DAS ALBANISCHE VERBALSYSTEM IN DER SPRACHE DES GJON BUZUKU
_c
FIEDLER, W
942
_2
udc
_c
BK
999
_c
19198
_d
19198